000
00674nam a2200169Ia 4500
008
090711s9999 xx 000 0 und d
082
_b
2190
100
_a
गोरे भा. म.
245
_a
नवी वसाहत ा
260
_b
दा.ना.मोघे
_c
1946
300
_a
120
600
_a
गोरे भा. म.
630
_a
नवी वसाहत ा
700
_a
गोरे भा. म.
730
_a
नवी वसाहत ा
942
_c
BOOK
999
_c
305324
_d
305324